Oltre l'arcobaleno : l'amore che siamo - volume 3.

Wedi'i Gadw mewn:
Manylion Llyfryddiaeth
Prif Awduron: Chiarottino, Manuela (Awdur), Masante, Francesca (Awdur), Grimaldi, Matteo (Awdur), Mastinu, Francesco (Awdur), Fiorescato, F.N (Awdur), Cerri, Clara (Awdur), Tifi, Claudia (Awdur), Cerini, Pablo (Awdur), D., Maria Rosaria (Awdur), Keller, Erin E. (Awdur), Harp, C.K (Awdur), Avanzato, Maria Silvia (Awdur), Carrino, Luigi Romolo (Awdur), Da Vela, Beatrice (Awdur), Carpenetti, Lily (Awdur), Lamberti, Mariano (Awdur), Capponi, Paolo (Awdur), D'Arragon, Bert (Awdur), De Carlo, Annemarie (Awdur), Cicolani, Fabio, (1980- ) (Awdur), Bonazzi, Stefano, (1983-) (Awdur)
Awdur Corfforaethol: Laura ZG Costantini e Loredana Falcone (Awdur)
Fformat: Llyfr
Iaith:Eidaleg
Cyhoeddwyd: Amarganta, Regno Unito 2018 :
Tagiau: Ychwanegu Tag
Dim Tagiau, Byddwch y cyntaf i dagio'r cofnod hwn!

MARC

LEADER 00000nam a22000007i 4500
001 IT\ICCU\CAM\0225758
003 ItRI
005 20240410181740.0
008 180625s2018 it |||||| ||||| |||||c
020 |a 9781717280848 
040 |b ita  |c GP 
041 7 |a ita  |2 ISO-639-2 
245 0 0 |a Oltre l'arcobaleno :  |b l'amore che siamo - volume 3. 
260 |a Amarganta,  |c 2018 :  |b Regno Unito 
300 |a 272 p. ;  |c 20 cm. 
700 1 |a Chiarottino, Manuela  |0 IT\ICCU\BA1V\013592  |4 aut 
700 1 |a Masante, Francesca  |0 IT\ICCU\BVEV\136644  |4 aut 
700 1 |a Grimaldi, Matteo  |0 IT\ICCU\BVEV\137678  |4 aut 
700 1 |a Mastinu, Francesco  |0 IT\ICCU\CAGV\726920  |4 aut 
700 1 |a Fiorescato, F.N.  |0 IT\ICCU\CAMV\098855  |4 aut 
700 1 |a Cerri, Clara  |0 IT\ICCU\CAMV\099820  |4 aut 
700 1 |a Tifi, Claudia  |0 IT\ICCU\CAMV\099824  |4 aut 
700 1 |a Cerini, Pablo  |0 IT\ICCU\CAMV\099825  |4 aut 
700 1 |a D., Maria Rosaria  |0 IT\ICCU\CAMV\099826  |4 aut 
700 1 |a Keller, Erin E.  |0 IT\ICCU\CAMV\099827  |4 aut 
700 1 |a Harp, C.K.  |0 IT\ICCU\CAMV\099828  |4 aut 
700 1 |a Avanzato, Maria Silvia  |0 IT\ICCU\CFIV\253071  |4 aut 
700 1 |a Carrino, Luigi Romolo  |0 IT\ICCU\LIGV\005290  |4 aut 
700 1 |a Da Vela, Beatrice  |0 IT\ICCU\LIGV\051814  |4 aut 
700 1 |a Carpenetti, Lily  |0 IT\ICCU\MODV\663038  |4 aut 
700 1 |a Lamberti, Mariano  |0 IT\ICCU\RAVV\420117  |4 aut 
700 1 |a Capponi, Paolo  |0 IT\ICCU\RAVV\472749  |4 aut 
700 1 |a D'Arragon, Bert  |0 IT\ICCU\RERV\035807  |4 aut 
700 1 |a De Carlo, Annemarie  |0 IT\ICCU\RMSV\008532  |4 aut 
700 1 |a Cicolani, Fabio,  |d  (1980- )  |0 IT\ICCU\TO0V\638602  |4 aut 
700 1 |a Bonazzi, Stefano,  |d  (1983-)  |0 IT\ICCU\TO1V\001127  |4 aut 
710 2 |a Laura ZG Costantini e Loredana Falcone  |0 IT\ICCU\CAMV\098859  |4 aut 
942 |2 ddc  |c BK 
952 |0 0  |1 0  |2 ddc  |4 0  |6 853_914000000000000_AUT  |7 1  |9 1211  |a RM  |b RM  |d 2024-04-10  |l 0  |o 853 914 AUT  |p 774  |r 2024-04-10 18:18:00  |w 2024-04-10  |y BK 
981 1 |6 z01  |a i   |b xxxe  
982 1 |6 z01  |a n 
999 |c 1116  |d 1116